CONTABILIDAD DE COSTOS, 3rd Edition (Registro nro. 229020)
[ vista simple ]
| 000 -LEADER | |
|---|---|
| fixed length control field | 01423nam#a2200265 4500 |
| 001 - CONTROL NUMBER | |
| control field | 9781615022823 |
| 003 - CONTROL NUMBER IDENTIFIER | |
| control field | VST |
| 005 - DATE AND TIME OF LATEST TRANSACTION | |
| control field | 20250425090630.0 |
| 006 - FIXED-LENGTH DATA ELEMENTS--ADDITIONAL MATERIAL CHARACTERISTICS | |
| fixed length control field | m o d |
| 007 - PHYSICAL DESCRIPTION FIXED FIELD--GENERAL INFORMATION | |
| fixed length control field | cr#un#---uucau |
| 008 - FIXED-LENGTH DATA ELEMENTS--GENERAL INFORMATION | |
| fixed length control field | 190702s2010 MEX eng d |
| 020 ## - INTERNATIONAL STANDARD BOOK NUMBER | |
| International Standard Book Number | 9781615022823 |
| 040 ## - CATALOGING SOURCE | |
| Original cataloging agency | VST |
| Transcribing agency | VST |
| Modifying agency | VST |
| 100 1# - MAIN ENTRY--PERSONAL NAME | |
| Personal name | Aldo S. Torres Salínas |
| Relator term | author |
| 245 10 - TITLE STATEMENT | |
| Title | CONTABILIDAD DE COSTOS, 3rd Edition |
| 250 ## - EDITION STATEMENT | |
| Edition statement | third edition |
| 260 ## - PUBLICATION, DISTRIBUTION, ETC. | |
| Place of publication, distribution, etc. | Mexico : |
| 264 #1 - PRODUCTION, PUBLICATION, DISTRIBUTION, MANUFACTURE, AND COPYRIGHT NOTICE | |
| Place of production, publication, distribution, manufacture | Mexico : |
| Name of producer, publisher, distributor, manufacturer | McGraw-Hill Interamericana, |
| Date of production, publication, distribution, manufacture, or copyright notice | 2010 |
| 300 ## - PHYSICAL DESCRIPTION | |
| Extent | 1 online resource |
| 336 ## - CONTENT TYPE | |
| Content type term | text |
| Content type code | txt |
| Source | rdacontent |
| 337 ## - MEDIA TYPE | |
| Media type term | computer |
| Media type code | c |
| Source | rdamedia |
| 520 ## - SUMMARY, ETC. | |
| Summary, etc. | Contabilidad de costos introduce al lector en el aprendizaje de las técnicas de costos requeridas para la valuación de inventarios, además de fijar las bases para generar información utilizada en la toma de decisiones administrativas. Entre las principales características de la presente obra figuran los distintos métodos de costeo: Costeo estándar Costeo indirecto Costeo basado en actividades (ABC) Asimismo, este texto considera los procedimientos de información necesarios para valuar inventarios de empresas que fabrican o brindan algún servicio en función de las necesidades particulares de sus clientes y de la estrategia de la corporación para el cumplimiento de sus objetivos. |
| 856 40 - ELECTRONIC LOCATION AND ACCESS | |
| Uniform Resource Identifier | <a href="https://resolver.vitalsource.com/9781615022823">https://resolver.vitalsource.com/9781615022823</a> |
| 942 ## - ADDED ENTRY ELEMENTS (KOHA) | |
| Koha item type | Recurso Electrónico |
| Withdrawn status | Lost status | Damaged status | Not for loan | Collection | Home library | Current library | Date acquired | Total checkouts | Date last seen | Price effective from | Koha item type |
|---|---|---|---|---|---|---|---|---|---|---|---|
| Colección McGraw Hill | Biblioteca Digital UIN | Biblioteca Digital UIN | 04/25/2025 | 04/25/2025 | 04/25/2025 | Recurso Electrónico |